Kantorovská dekompozícia poľských mýtických postáv v perspektíve univerzálneho divadla

Bibliographic Details
Main Author: Fergombé, Amos (Author)
Format: Article
Language:Slovak
ISSN:0037-699X
Subjects:

MARC

LEADER 00000nab a2200000 a 4500
001 vtls000659540
003 SK-MaSNL
005 20260304090459.0
008 250425c1997 xo 0 slo
015 |a SNBRB1998/04-10954 
035 |a CLN000011732 
035 |a (urnnbn)urn:nbn:sk:snk:ar-a09dok 
035 |a (uuid)7f686268-e159-4d13-a1ab-6b8ff0294c3a 
035 |a urn:nbn:sk:snk-ab8ee1 
040 |a SNKBUCL  |b slo  |c SNKBUCL  |e AACR2 
041 0 |a slo 
044 |a xo  |c SK 
080 |a 82.033:884-2  |2 1997 
080 |a 884-2.033  |2 1997 
100 1 |a Fergombé, Amos  |4 aut  |9 1381596 
245 1 0 |a Kantorovská dekompozícia poľských mýtických postáv v perspektíve univerzálneho divadla  |c Amos Fergombé 
246 1 1 |a La dé-composition kantorienne des figures mythiques polonaises dans la perspective d'un théâtre universel 
500 |a Súbežný názov a text franc., s. 436-443 
600 1 7 |a Kantor, Tadeusz,  |d 1915-1990  |x tvorba dramatická  |x postavy mýtické  |2 snkbucl  |9 14167 
655 7 |a články z novín a časopisov  |2 snkbucl  |9 267496 
773 0 |t Slovenské divadlo  |g Roč. 45, č. 4 (1997), s. 327-333  |x 0037-699X 
850 |a Slovenská národná knižnica 
852 |a Slovenská národná knižnica 
954 |a odborná, vedecká literatúra pôvodná (slovenská)  |2 lita 
958 |a article9 
958 |a OND 
958 |a PL 
958 |a LX 
958 |a EUIPO 
992 |a RBX 
999 |c 2811595  |d 2813525